000 00462nam a2200109Ia 4500
008 171212s9999 xx 000 0 und d
100 _aClutterbuck, Lindsay;Warnes, Richard
245 _cClutterbuck, Lindsay;Warnes, Richard
_aExploring Patterns of Behaviour in Violent Jihadist Terrorists
_bAn analysis of six significant terrorist conspiracies in the UK
260 _bRAND Corporation
_c2011
650 _aHistory
856 _uwww.jstor.org/stable/10.7249/tr923ant
999 _c352062
_d352062